00421nam a2200109Ia 4500008004100000050002300041100002900064245010000093260008600193300002000279521001200299140724s9999 xx 000 0 und d aRC 584b.G216 2008 aGarcia, Cristina Anne J. aCaffeine in coffee and its effects on short-term memory enhancement /cCristina Anne J. Garcia. aLas Piñas, Philippines :bSouthville International School and Colleges,cc2008. a95 p. :c28 cm. aNursing